US State by County - Statistics

General Stats
  • This quiz has been taken 27 times
  • The average score is 13 of 15
Answer Stats
Counties State % Correct
San Francisco, Los Angeles, Alameda California
100%
Kootenai, Idaho, Boise Idaho
100%
Pinellas, Broward, Miami-Dade. Florida
96%
Kauai, Maui, Kalawao Hawaii
96%
Ottawa, Hocking, Cuyahoga Ohio
96%
Travis, Brazos, Hildalgo Texas
96%
Cook, Lake, DuPage Illinois
92%
Clark, Nye, Elko Nevada
92%
Yakima, King, Cowlitz Washington
92%
Waldo, Cumberland, Penobscot Maine
83%
New Castle, Sussex, Kent Delaware
79%
Baraga, Ingham, Macomb Michigan
79%
Charles Mix, Pennington, Minnehaha South Dakota
79%
Breckenridge, Hickman, Magoffin Kentucky
71%
Yazoo, De Soto, Oktibbeha Mississippi
63%
No matching quizzes found
Score Distribution
Percent of People with Each Score
Percentile by Number Answered
Your Score History
You have not taken this quiz